00545 2200205 4500001002100000005001500021008004100036020002200077035001900099041000700118082001000125090001600135100001700151700002700168245005200195260004000247300003300287500001000320650000900330INLIS00000000000214920241224112501241224||||||||| | ||| |||| || |  a978-602-9018-83-7 0010-1224002149 aid0 a612.3 a612.3 HES k0 aHesti Widuri0 aDedi Mawardi Pamungkas00aKomponen Gizi dan Bahan Makanan Untuk Kesehatan aYogyakartabGosyen Publishingc2013 avii, 198 hlm. : ilus, ; 19,5 aCet.1 0agizi